02549nam a2200409 a 450000100060000000300080000600500170001400800410003102000180007202000150009003500240010504000730012904100080020206000230021008200240023324500580025725000200031526000680033530000620040350000830046550400510054850501830059950502760078250504930105850501810155165000220173265000310175465000180178565000250180365000300182865000280185865000370188670000280192394200120195199900170196395201590198074497BD-RjUL20211209082548.0151113s2016 nyuac b 001 0 eng  a9781464183393 a1464183392 a(OCoLC)ocn949909675 aNLMbengcNLMerdadSISPLdMYGdOCLCFdYDXCPdGTAdER0dDLCdBD-RjUL aeng00aQU 300bL823m 201600a571.6223bMOL 201610aMolecular cell biology /cHarvey Lodish ... [et al.]. aEighth edition. aNew York, NY : bFreeman : Macmillan Higher Education, cc2016. axl, 1170 pages :bcolor illustrations, portraits ;c29 cm aPreceded by Molecular cell biology / Harvey Lodish ... [et al.]. 7th ed. 2013. aIncludes bibliographical references and index.0 aPt. I, Chemical and molecular foundations : -- Molecules, cells, and model organisms -- Chemical foundations -- Protein structure and function -- Culturing and visualizing cells.0 aPt. II, Biomembranes, genes, and gene regulation : -- Fundamental molecular genetic mechanisms -- Molecular genetic techniques -- Biomembrane structure -- Genes, genomics, and chromosomes -- Transcriptional control of gene expression -- Post-transcriptional gene control.0 aPt. III, Cellular organization and function : -- Transmembrane transport of ions and small molecules -- Cellular energetics -- Moving proteins into membranes and organelles -- Vesicular traffic, secretion, and endocytosis -- Signal transduction and G protein, coupled receptors -- Signaling pathways that control gene expression -- Cell organization and movement I: microfilaments -- Cell organization and movement II: microtubules and intermediate filaments -- The Eukaryotic cell cycle.0 aPt. IV, Cell growth and differentiation : -- Integrating cells into tissue -- Stem cells, cell asymmetry, and cell death -- Cells of the nervous system -- Immunology -- Cancer. 0aCytology.9223466 0aMolecular biology.922346712aCells922346822aCell Biology922346922aMolecular Biology9223470 7aCytology.2fast9223466 7aMolecular biology.2fast9223467 aLodish, Harvey 9223471 2ddccBK c74497d74497 00102ddc40718NFICaRUCLbRUCLcReadingd2018-10-04eOrbital International, Dhakag6202.58l0o571.6 MOL 2016r2018-10-09 00:00:00tC-1w2018-10-09yBK